| 000 | 01196 a2200325 4500 | ||
|---|---|---|---|
| 001 | 200421178 | ||
| 003 | TR-AnTOB | ||
| 005 | 20241009162527.0 | ||
| 008 | 150126e2004 tu 001 0 | ||
| 020 | _a9753385706 | ||
| 040 |
_aTR-AnTOB _beng _erda _cTR-AnTOB |
||
| 041 | _atur | ||
| 050 | 0 |
_aDR432 _b.K671 2004 |
|
| 090 | _aDR432.K671 2004 | ||
| 100 | 1 |
_aKöprülü, Mehmet Fuat, _d1890-1966 _9104311 |
|
| 245 | 1 | 0 |
_aBizans müesseselerinin Osmanlı müesseselerine tesiri / _cM. Fuad Köprülü ; önsöz, bâzı notlara, bibliyografya'ya ilâveler ve geniş bir indeksle yayımlayan Orhan F. Köprülü. |
| 264 | 1 |
_aAnkara : _bAkçağ yayınları, _c2004. |
|
| 300 |
_a237 pages ; _c20 cm. |
||
| 336 |
_atext _2rdacontent _btxt |
||
| 337 |
_aunmediated _2rdamedia _bn |
||
| 338 |
_avolume _2rdacarrier _bnc |
||
| 490 | 0 |
_aÖtüken yayınları _v584 |
|
| 504 | _aIncludes bibliographical references and index. | ||
| 651 | 7 |
_aTürkiye _xUygarlık _2etuturkob _99258 |
|
| 651 | 7 |
_aBizans İmparatorluğu _xSiyaset ve yönetim _2etuturkob _9103742 |
|
| 651 | 7 |
_aBizans İmparatorluğu _xUygarlık _2etuturkob _925624 |
|
| 700 | 1 |
_aKöprülü, Orhan F. _918531 |
|
| 942 |
_cBK _2lcc |
||
| 999 |
_c200421178 _d38388 |
||